Normal view
MARC view
- Linsley, Trevor
Entry Personal Name
001 - CONTROL NUMBER
- control field: 102934
003 - CONTROL NUMBER IDENTIFIER
- control field: NUST
005 - DATE AND TIME OF LATEST TRANSACTION
- control field: 20221117151732.0
008 - FIXED-LENGTH DATA ELEMENTS
- fixed length control field: 221117|| aca||aabn | a|a d
040 ## - CATALOGING SOURCE
- Original cataloging agency: NUST
- Transcribing agency: NUST
100 ## - HEADING--PERSONAL NAME
- Personal name: Linsley, Trevor
670 ## - SOURCE DATA FOUND
- Source citation: Work cat.: (NUST)189409: Linsley, Trevor., Basic electrical installation work /, c2005.
